|
|
|
|
| LEADER |
01220nam a2200289 a 4500 |
| 001 |
192639 |
| 008 |
100106s1997 ii ab 000 0 eng d |
| 010 |
|
|
|a 98901278
|
| 040 |
|
|
|a DLC
|c DLC
|d BD-DhAAL
|
| 082 |
0 |
0 |
|a 303.4/833/0954
|2 21
|
| 245 |
0 |
0 |
|a Windows to the world :
|b developing a curriculum for rural women.
|
| 246 |
1 |
8 |
|a Developing a curriculum for rural women
|
| 260 |
|
|
|a New Delhi :
|b Nirantar,
|c 1997.
|
| 300 |
|
|
|a ii, 148, v p. :
|b ill., map ;
|c 24 cm.
|
| 490 |
1 |
|
|a Education series
|
| 541 |
1 |
|
|e 00007519
|
| 650 |
|
0 |
|a Communication in rural development
|z India
|z Bānda (District)
|
| 650 |
|
0 |
|a Communication in rural development
|z India
|z Uttar Pradesh.
|
| 650 |
|
0 |
|a Rural women
|z India
|z Bānda (District)
|
| 650 |
|
0 |
|a Rural women
|z India
|z Uttar Pradesh.
|
| 650 |
|
0 |
|a Curriculum planning
|z India
|z Bānda (District)
|
| 650 |
|
0 |
|a Curriculum planning
|z India
|z Uttar Pradesh.
|
| 710 |
2 |
|
|a Nirantar (Organization : New Delhi, India)
|
| 830 |
|
0 |
|a Education series (New Delhi, India)
|
| 852 |
4 |
|
|a Ayesha Abed Library
|j General shelf
|
| 999 |
|
|
|c 6743
|d 6743
|
| 952 |
|
|
|0 0
|1 0
|2 ddc
|4 0
|6 303_483309540000000_WIN
|7 0
|9 6923
|a BRACUL
|b BRACUL
|c GEN
|d 2010-01-06
|l 0
|o 303.48330954 WIN
|p 3010007519
|r 2010-01-06
|t 1
|w 2010-01-06
|y BK
|